Quyền và nghĩa vụ cơ bản của công dân

Gorde:
Xehetasun bibliografikoak
Formatua: Liburua
Hizkuntza:Undetermined
Argitaratua: Hà Nội Phổ thông 1978
Gaiak:
Etiketak: Etiketa erantsi
Etiketarik gabe, Izan zaitez lehena erregistro honi etiketa jartzen!
Thư viện lưu trữ: Trung tâm Học liệu Trường Đại học Cần Thơ
LEADER 00480nam a2200145Ia 4500
001 CTU_5918
008 210402s9999 xx 000 0 und d
082 |a 342.085 
082 |b Qu603 
245 0 |a Quyền và nghĩa vụ cơ bản của công dân 
260 |a Hà Nội 
260 |b Phổ thông 
260 |c 1978 
650 |a constitutions, state - vietnam,law - study and teaching - vietnam,civil rights 
980 |a Trung tâm Học liệu Trường Đại học Cần Thơ